| 000 | 00343nam a2200109Ia 4500 | ||
|---|---|---|---|
| 008 | 171204s9999 xx 000 0 und d | ||
| 245 | _aEssentials of Business Law and the Legal Environment: | ||
| 245 | _cBarry S. Roberts and Richard A. Mann | ||
| 260 | _c2015 | ||
| 650 | _xBUSINESS LAW | ||
| 856 | _uhttp://down.ebook777.com/063/1305075439.pdf | ||
| 999 |
_c345658 _d345658 |
||